Online Catalogue and eLibrary

Island interlude (Record no. 3461)

MARC details
000 -LEADER
fixed length control field 00404nam a2200169Ia 4500
005 - DATE AND TIME OF LATEST TRANSACTION
control field 20250228045647.0
008 - FIXED-LENGTH DATA ELEMENTS--GENERAL INFORMATION
fixed length control field 240331s9999 xx 000 0 und d
082 ## - DDC Classification
Item Number - Author Mark RAN
Class No. 954
100 ## - MAIN ENTRY--PERSONAL NAME
Personal name Rankine, E
245 #0 - TITLE STATEMENT
Title Island interlude
260 ## - PUBLICATION, DISTRIBUTION, ETC.
Place of publication, distribution, etc. Colombo
Name of publisher, distributor, etc. Lake House Investments Ltd
Date of publication, distribution, etc. 1971
300 ## - PHYSICAL DESCRIPTION
Extent (e.g. Volumes, Pages etc.) 95 p .,
650 ## - SUBJECT ADDED ENTRY--TOPICAL TERM
Topical term or geographic name entry element Ceylon History
650 ## - SUBJECT ADDED ENTRY--TOPICAL TERM
Topical term or geographic name entry element Religion
650 ## - SUBJECT ADDED ENTRY--TOPICAL TERM
Topical term or geographic name entry element Nationalism
942 ## - Koha item type (Biblio)
Koha item type Books in Stacks (Lending)
Holdings
Lost status Damaged status Collection code Home library Current library Shelving location Date acquired Full call number Accession Number Item type
    Lending WERC Library WERC Library Social Science Cupboard 03/31/2024 954.93 RAN 177 Books in Stacks (Lending)

© WERC Library